000 00427nam a22001817a 4500
003 MPLRDC
005 20220104124700.0
008 210129b ||||| |||| 00| 0 eng d
020 _a962-07-5058-6
082 _a733.9 HHZ
100 _a黄鸿钊
245 _a澳门史
_c
250 _a一版一刷
260 _a
_b商务印书馆
_c1987
300 _b
650 _a东亚诸岛屿--澳门
942 _cBK
_o733.9 HHZ
999 _c21292
_d21282